What's Missing Quiz Stats

 Plays Quiz Updated Nov 2, 2016

     
Support Sporcle.
Go Orange.
Score 0/20 Timer 05:00
5 Plays Today
Group Missing Item % Correct
Red, Green, Blue (Indigo), Yellow, VioletOrange
95.2%
Winter, Fall, SummerSpring
95%
Addition, Multiplication, DivisionSubtraction
92.8%
Scarecrow, Toto, Tin ManThe Cowardly Lion
88.5%
Wind, Fire, EarthWater
88.3%
Venus, Earth, MarsMercury
82.5%
George, John, RingoPaul
81.4%
Bishop, Queen, Knight, Pawn, King Rook
79.7%
Phoebe, Ross, Rachel, Joey, ChandlerMonica
77.4%
Santa Maria, NinaPinta
75.1%
Group Missing Item % Correct
Atlantic, Pacific, Indian, SouthernArctic
70%
Return of the King, Fellowship of the RingThe Two Towers
66.5%
Ontario, Superior, Michigan, ErieHuron
64.1%
Rhode Island, Maine, Vermont, New Hampshire, MassachusettsConnecticut
63.9%
Deuteronomy, Exodus, Leviticus, GenesisNumbers
42.3%
Iceland, Iran, Israel, India, Iraq, Italy, IndonesiaIreland
39.4%
Kentucky Derby, Belmont StakesPreakness Stakes
38.9%
Jacques, Gurgle, Peach, Deb, Bubbles, Bloat, NemoGill
35.7%
Sammy Davis Jr., Joey Bishop, Frank Sinatra, Peter LawfordDean Martin
34.7%
Argon, Helium, Krypton, Neon, XenonRadon
25.8%

From the Vault

'C' Anatomy

by brocko

Science 6m
Can you tell your coccyx from your clavicle?
Remove Ads.
Support Sporcle.
Get the best of Sporcle when you Go Orange. This ad-free experience offers more features, more stats, and more fun while also helping to support Sporcle. Thank you for becoming a member.

Show Comments

Extras

Top Quizzes Today


Score Distribution

Your Account Isn't Verified!

In order to create a playlist on Sporcle, you need to verify the email address you used during registration. Go to your Sporcle Settings to finish the process.

Report this User

Report this user for behavior that violates our Community Guidelines.

Details: